Košický samosprávny kraj otvoril svoje zastúpenie v Bruseli

Bibliographic Details
Corporate Author: Košický samosprávny kraj (Slovensko). Úrad (Author)
Format: Article
Language:Slovak
Subjects:

MARC

LEADER 00000nab a2200000 a 4500
001 vtls000932334
003 SK-MaSNL
005 20260303202642.0
008 040720e20031028xo 0 slo
035 |a KE41211 
040 |a KEVKJB  |b slo  |c KEVKJB  |e AACR2 
041 0 |a slo 
044 |a xo  |c SK 
080 |a 353.2  |2 1981 
245 0 0 |a Košický samosprávny kraj otvoril svoje zastúpenie v Bruseli 
610 2 7 |a Košický samosprávny kraj (Slovensko).  |b Úrad  |2 KEVKJB  |9 30611 
650 0 7 |a zastúpenie regionálne  |2 KEVKJB  |9 1234531 
651 7 |a Bree (Belgicko)  |2 KEVKJB  |9 25816 
651 7 |a KE,  |2 KEVKJB  |9 877256 
655 7 |a periodikum  |2 snkbucl  |9 29553 
710 2 |a Košický samosprávny kraj (Slovensko).  |b Úrad  |4 aut  |9 30611 
773 0 8 |t Obecné noviny  |g Roč. 13  |g Roč. 28, č.44, 28.10.2003, s. 10 
852 |a ZVYKNI  |b KIS3GCP 
999 |c 2180965  |d 2182895